| 000 | 00977nam a2200217Ia 4500 | ||
|---|---|---|---|
| 003 | GCL | ||
| 008 | 140319s9999 xx 000 0 ara d | ||
| 040 |
_aGCL / _cGCL |
||
| 082 | 0 | 4 |
_aق _b953.0962 _bص د |
| 100 | 1 | _aصلاح احمد هريدى | |
| 245 | 1 | 0 |
_aدور الصعيد فى مصر العثمانية ( 923 - 1213هـ \ 1517 - 1798م ) / _cصلاح احمد هريدى |
| 700 | 1 | _aعمر عبدالعزيز | |
| 260 |
_aالقاهرة : _bدار المعارف ، _c1984 |
||
| 300 |
_a476 ص ؛ _c24 سم |
||
| 650 | 0 | 4 | _aالصعيد - تاريخ - العصر العثمانى |
| 650 | 0 | 4 | _aمصر - التنظيم الادارى - العصر العثمانى |
| 650 | 0 | 4 | _aالصعيد - الادارة العامة - العصر العثمانى |
| 650 | 0 | 4 | _aالصعيد - الاحوال الاقتصادية - العصر العثمانى |
| 650 | 0 | 4 | _aالصعيد - الاحوال الاجتماعية - العصر العثمانى |
| 942 |
_2ddc _cBK |
||
| 999 |
_c58767 _d58767 |
||